000 00533ntaaa2200205 4500
003 01
005 20251027200700.0
008 0714s1973 ag 01
040 _aAR-BaBN
_bspa
_cAR-BaBN
_eaacr
_dRIC
082 _a133.07 Qu3
100 _aQuevedo, Oscar G
_92968
245 _aQué es la parapsicología /
_cOscar G Quevedo
250 _a1 ed.
260 _aBuenos Aires :
_bEditorial Columba,
_c1969
300 _a115 p
650 _aPsicologia Pastoral
650 _aParapsicología
650 _aCiencias Ocultas
942 _cBK
999 _c1338
_d1338